| 000 | 00737cam a22002171 4500 | ||
|---|---|---|---|
| 005 | 20260418135536.0 | ||
| 020 |
_a8175340460 _cTZS 19,338/= |
||
| 040 |
_aMCCL _beng. _eAACR 2nd rev. ed. |
||
| 082 | _a364.163 KER | ||
| 100 | 1 | _aMcDonnell, Denis Lane | |
| 245 | 1 | 2 |
_aKerr on the law of fraud and mistake,: _cincluding misrepresentation generally, undue influence, fiduciary relationship, constructive and imputed notice, etc./ _bDenis Lane McDonnell & John George Monroe |
| 250 | _a7th ed. | ||
| 260 |
_aNew Delih: _bUniversal law publishing CO.PVT. LTD. _cc2005. |
||
| 300 |
_aliv,738p.: _c26 cm. |
||
| 504 | _aincludes index | ||
| 546 | _aeng. | ||
| 650 | 0 | _aFraud | |
| 650 | 0 | _aMistake (Law) | |
| 700 | _aMonroe,J. | ||
| 942 | _cBK | ||
| 999 |
_c12688 _d12688 |
||